000 00466nam a22001817a 4500
003 MPLRDC
005 20220104124051.0
008 210129b ||||| |||| 00| 0 eng d
082 _a889 LMSJ v.778
100 _a娇安. 欧杰蜜森
245 _a赌徒
_c罗瑞慧译
250 _a初版
260 _a
_b骏马文化事业公司
_c1988
300 _b
490 _a罗曼史集. 778
650 _a西洋小说之中文翻译
942 _cBK
_o889 LMSJ v.778
999 _c16378
_d16368